<?xml version="1.0" encoding="UTF-8"?>
<record
    xmlns:xsi="http://www.w3.org/2001/XMLSchema-instance"
    xsi:schemaLocation="http://www.loc.gov/MARC21/slim http://www.loc.gov/standards/marcxml/schema/MARC21slim.xsd"
    xmlns="http://www.loc.gov/MARC21/slim">

  <leader>01601nam0a2200325   4500</leader>
  <controlfield tag="001">RU\NLR\bibl\1226645</controlfield>
  <controlfield tag="005">20260405234712.0</controlfield>
  <datafield tag="010" ind1=" " ind2=" ">
    <subfield code="a">55-88453-132-X</subfield>
    <subfield code="9">750</subfield>
  </datafield>
  <datafield tag="035" ind1=" " ind2=" ">
    <subfield code="a">(NLR Aleph) 001212953</subfield>
  </datafield>
  <datafield tag="090" ind1=" " ind2=" ">
    <subfield code="a">89858</subfield>
    <subfield code="c">89858</subfield>
  </datafield>
  <datafield tag="100" ind1=" " ind2=" ">
    <subfield code="a">20080514d2006    |||y0rusy50      ca</subfield>
  </datafield>
  <datafield tag="101" ind1="0" ind2=" ">
    <subfield code="a">rus</subfield>
  </datafield>
  <datafield tag="102" ind1=" " ind2=" ">
    <subfield code="a">RU</subfield>
  </datafield>
  <datafield tag="105" ind1=" " ind2=" ">
    <subfield code="a">a   |||||||||</subfield>
  </datafield>
  <datafield tag="200" ind1="1" ind2=" ">
    <subfield code="a">... &#x432;&#x43E; &#x432;&#x441;&#x435; &#x442;&#x44F;&#x436;&#x43A;&#x438;&#x435;</subfield>
    <subfield code="e">&#x438;&#x437;&#x431;&#x440;&#x430;&#x43D;&#x43D;&#x43E;&#x435;</subfield>
    <subfield code="f">&#x410;&#x43D;&#x430;&#x442;&#x43E;&#x43B;&#x438;&#x439; &#x422;&#x43E;&#x431;&#x43E;&#x43B;&#x44F;&#x43A;</subfield>
    <subfield code="g">[&#x441;&#x43E;&#x441;&#x442;. &#x410;&#x43D;&#x43D;&#x44B; &#x421;&#x430;&#x444;&#x440;&#x43E;&#x43D;&#x43E;&#x432;&#x43E;&#x439;, &#x41D;&#x438;&#x43A;&#x43E;&#x43B;&#x430;&#x44F; &#x422;&#x430;&#x440;&#x430;&#x441;&#x43E;&#x432;&#x430;</subfield>
    <subfield code="g">&#x440;&#x435;&#x434;.: &#x410;. &#x421;&#x430;&#x444;&#x440;&#x43E;&#x43D;&#x43E;&#x432;&#x430;</subfield>
    <subfield code="g">&#x432;&#x441;&#x442;&#x443;&#x43F;. &#x441;&#x442;. &#x438; &#x43F;&#x440;&#x438;&#x43C;&#x435;&#x447;. &#x422;&#x430;&#x442;&#x44C;&#x44F;&#x43D;&#x44B; &#x428;&#x443;&#x43C;&#x438;&#x43B;&#x43E;&#x432;&#x43E;&#x439;]</subfield>
  </datafield>
  <datafield tag="210" ind1=" " ind2=" ">
    <subfield code="a">&#x42E;&#x436;&#x43D;&#x43E;-&#x421;&#x430;&#x445;&#x430;&#x43B;&#x438;&#x43D;&#x441;&#x43A;</subfield>
    <subfield code="c">&#x421;&#x430;&#x445;&#x430;&#x43B;&#x438;&#x43D;&#x441;&#x43A;&#x43E;&#x435; &#x43A;&#x43D;&#x438;&#x436;&#x43D;&#x43E;&#x435; &#x438;&#x437;&#x434;&#x430;&#x442;&#x435;&#x43B;&#x44C;&#x441;&#x442;&#x432;&#x43E;</subfield>
    <subfield code="d">2006</subfield>
  </datafield>
  <datafield tag="215" ind1=" " ind2=" ">
    <subfield code="a">646, [1] &#x441;.</subfield>
    <subfield code="c">&#x43F;&#x43E;&#x440;&#x442;&#x440;.</subfield>
    <subfield code="d">21</subfield>
  </datafield>
  <datafield tag="300" ind1=" " ind2=" ">
    <subfield code="a">&#x412; &#x43C;&#x430;&#x43A;&#x435;&#x442;&#x435; &#x437;&#x430;&#x433;&#x43B;.: &#x412;&#x43E; &#x432;&#x441;&#x435; &#x442;&#x44F;&#x436;&#x43A;&#x438;&#x435;...</subfield>
  </datafield>
  <datafield tag="320" ind1=" " ind2=" ">
    <subfield code="a">&#x411;&#x438;&#x431;&#x43B;&#x438;&#x43E;&#x433;&#x440;. &#x432; &#x43F;&#x43E;&#x434;&#x441;&#x442;&#x440;&#x43E;&#x447;. &#x43F;&#x440;&#x438;&#x43C;&#x435;&#x447;.</subfield>
  </datafield>
  <datafield tag="327" ind1="1" ind2=" ">
    <subfield code="a">&#x421;&#x43E;&#x434;&#x435;&#x440;&#x436;.: &#x418;&#x441;&#x442;&#x43E;&#x440;&#x438;&#x44F; &#x43E;&#x434;&#x43D;&#x43E;&#x439; &#x43B;&#x44E;&#x431;&#x432;&#x438;; &#x41F;&#x438;&#x441;&#x44C;&#x43C;&#x430; &#x442;&#x443;&#x434;&#x430; &#x438; &#x43E;&#x431;&#x440;&#x430;&#x442;&#x43D;&#x43E;; &#x41F;&#x43E;&#x43F;&#x44B;&#x442;&#x43A;&#x430; &#x43A;&#x43E;&#x43D;&#x442;&#x430;&#x43A;&#x442;&#x430;; &#x414;&#x432;&#x43E;&#x435; &#x432; &#x434;&#x43E;&#x43C;&#x435;; &#x41F;&#x430;&#x43F;&#x430; &#x443;&#x435;&#x445;&#x430;&#x43B;; &#x414;&#x435;&#x43D;&#x435;&#x436;&#x43D;&#x430;&#x44F; &#x438;&#x441;&#x442;&#x43E;&#x440;&#x438;&#x44F;; &#x412;&#x43E; &#x432;&#x441;&#x435; &#x442;&#x44F;&#x436;&#x43A;&#x438;&#x435;...: (&#x43F;&#x43E;&#x432;&#x435;&#x441;&#x442;&#x432;&#x43E;&#x432;&#x430;&#x43D;&#x438;&#x435;)</subfield>
  </datafield>
  <datafield tag="517" ind1="0" ind2=" ">
    <subfield code="a">&#x412;&#x43E; &#x432;&#x441;&#x435; &#x442;&#x44F;&#x436;&#x43A;&#x438;&#x435;...</subfield>
  </datafield>
  <datafield tag="686" ind1=" " ind2=" ">
    <subfield code="a">&#x428;6(2=&#x420;)75-44</subfield>
  </datafield>
  <datafield tag="700" ind1=" " ind2="1">
    <subfield code="4">070</subfield>
    <subfield code="8">rus</subfield>
    <subfield code="7">ca</subfield>
    <subfield code="a">&#x422;&#x43E;&#x431;&#x43E;&#x43B;&#x44F;&#x43A;</subfield>
    <subfield code="b">&#x410;. &#x421;.</subfield>
    <subfield code="f">1936-2001</subfield>
    <subfield code="g">&#x410;&#x43D;&#x430;&#x442;&#x43E;&#x43B;&#x438;&#x439; &#x421;&#x430;&#x43C;&#x443;&#x438;&#x43B;&#x43E;&#x432;&#x438;&#x447;</subfield>
    <subfield code="3">RU\NLR\auth\77108349</subfield>
    <subfield code="9">91274</subfield>
  </datafield>
  <datafield tag="702" ind1=" " ind2="1">
    <subfield code="a">&#x421;&#x430;&#x444;&#x440;&#x43E;&#x43D;&#x43E;&#x432;&#x430;</subfield>
    <subfield code="b">&#x410;.</subfield>
    <subfield code="g">&#x410;&#x43D;&#x43D;&#x430;</subfield>
    <subfield code="4">220</subfield>
  </datafield>
  <datafield tag="801" ind1=" " ind2="0">
    <subfield code="a">RU</subfield>
    <subfield code="b">NLR</subfield>
    <subfield code="c">20080514</subfield>
    <subfield code="g">RCR</subfield>
  </datafield>
  <datafield tag="801" ind1=" " ind2="1">
    <subfield code="a">RU</subfield>
    <subfield code="b">NLR</subfield>
    <subfield code="c">20080514</subfield>
  </datafield>
  <datafield tag="942" ind1=" " ind2=" ">
    <subfield code="c">BOOK</subfield>
  </datafield>
  <datafield tag="980" ind1=" " ind2=" ">
    <subfield code="a">NB</subfield>
  </datafield>
  <datafield tag="995" ind1=" " ind2=" ">
    <subfield code="5">2008-05-14</subfield>
    <subfield code="a">ab</subfield>
    <subfield code="b">NLR01</subfield>
    <subfield code="c">NLR01</subfield>
    <subfield code="e">RF9</subfield>
    <subfield code="f">2672115</subfield>
    <subfield code="k">2008-3/14002</subfield>
    <subfield code="o">0</subfield>
    <subfield code="p">250.00</subfield>
    <subfield code="r">BOOK</subfield>
    <subfield code="s">2008314002_</subfield>
  </datafield>
</record>
